| 000 | 01551cam a2200433 a 4500 | ||
|---|---|---|---|
| 001 | 21926 | ||
| 003 | VRT | ||
| 005 | 20260314133410.0 | ||
| 008 | 210928s1990 xo 000 m cze | ||
| 020 |
_a8020602119 _q(viaz.) |
||
| 039 | 9 |
_a202305291415 _bAUTHORITY _c202305291351 _dAUTHORITY _c202305120803 _dAUTHORITY _c202305111015 _dAUTHORITY |
|
| 040 |
_aSNK _bslo _cSNK _eAACR2 |
||
| 041 | 0 | _acze | |
| 044 |
_axr _cCZ |
||
| 080 |
_a323.2(437)"1967/1968" _21981 |
||
| 100 | 1 |
_aMoravec, Jan, _d1924- _4aut |
|
| 245 | 1 | 0 |
_aAntipoučení _cJan Moravec |
| 250 | _a1. vyd. | ||
| 260 |
_aPraha _bNaše vojsko _c1990 |
||
| 300 |
_a441 s. _bilustr., tab. _c21 cm |
||
| 366 | _e58000 ýtl. | ||
| 610 | 7 |
_aKomunistická strana Československa _2SNKKA |
|
| 648 | 7 |
_a1967-1968 _2SNKPH |
|
| 650 | 0 | 7 |
_avnútorná politika _2SNKPH |
| 651 | 7 |
_aČeskoslovensko _2SNKPHgeo |
|
| 655 | 7 |
_ačeské romány _2SNKPH |
|
| 655 | 7 |
_apolitické romány _2SNKPH |
|
| 910 | _asnk | ||
| 942 |
_2ddc _cOLDO _n0 |
||
| 949 |
_63830001152599 _akurukKBD-1662 _bkuruk2024/F337 _oDar z Katolíckeho biblického diela |
||
| 949 |
_63823005926 _akuruktspDD 1078 _bkuruktsp1995/005926 |
||
| 949 |
_6273K0245912 _asvkpoA 150688c _bsvkpo373540 |
||
| 949 |
_6270001000123298 _asvkbbA 74667 _bsvkbbm 554191 _p554.191 |
||
| 949 |
_617A0897039 _asnkSC 78556 |
||
| 949 |
_617A0164223 _9P60, <04>, [BOOK], {604} _asnkSC 78556 D1 |
||
| 949 |
_6273K0245913 _asvkpoA 150688 _bsvkpo370801 |
||
| 949 |
_6273K0245914 _asvkpoA 150688a _bsvkpo370802 |
||
| 949 |
_6273K0245911 _asvkpoA 150688b _bsvkpo370803 |
||
| 999 |
_c21926 _d21926 |
||